Sommaire des archives turques du Caire /

محفوظ في:

المؤلف الرئيسي: Deny, Jean, 1879-1963 (مؤلف)

التنسيق: كتاب

اللغة: French

منشور في: [Caire] : L'Institut français d'archéologie orientale du Caire pour la Société royale de géographie d'Égypte, 1930.

سلاسل: Publications spéciales.

الموضوعات:

الوسوم: إضافة وسم

لا توجد وسوم, كن أول من يضع وسما على هذه التسجيلة!

رقم الطلب: CD2333 .D4 1930

LEADER 00829nam a2200253I 4500
001 6697
003 OSt
005 20251104094002.0
008 130303s1930 ua abfh 000 0 fre d
010 |a 32009390 
040 |c ARCE Library 
043 |a f-ua--- 
050 4 |a CD2333 .D4 1930 
100 1 |a Deny, Jean,  |d 1879-1963,  |e author  |9 28916 
245 1 0 |a Sommaire des archives turques du Caire /  |c par J. Deny. 
264 1 |a [Caire] :  |b L'Institut français d'archéologie orientale du Caire pour la Société royale de géographie d'Égypte,   |c 1930. 
300 |a 638 p., 56 p. of plates :   |b ill., facsimiles, maps ;   |c 28 cm. 
490 1 |a Publications spéciales. 
650 0 |a Archives  |z Egypt. 
651 0 |a Egypt  |x History  |v Sources. 
830 0 |a Publications spéciales. 
901 |a reviewed 
942 |c BK  |2 lcc 
999 |c 8094  |d 8094